Economic feasibility of betelvine as an intercrop in rubber smallholdings of Mavelikkara taluk (Record no. 74489)

MARC details
000 -LEADER
fixed length control field 00416nam a2200133Ia 4500
100 ## - MAIN ENTRY--AUTHOR NAME
Personal name Vijayakumari, P.R.
245 #0 - TITLE STATEMENT
Title Economic feasibility of betelvine as an intercrop in rubber smallholdings of Mavelikkara taluk
260 ## - PUBLICATION, DISTRIBUTION, ETC. (IMPRINT)
Name of publisher Kerala Agricultural University
Place of publication Thrissur
Year of publication 1993
300 ## - PHYSICAL DESCRIPTION
Number of Pages 72
500 ## - GENERAL NOTE
General note Course: PGDNRP
700 ## - ADDED ENTRY--PERSONAL NAME
Personal name Mr M Mathew
942 ## - ADDED ENTRY ELEMENTS (KOHA)
Koha item type Theses
Holdings
Withdrawn status Lost status Damaged status Not for loan Collection code Home library Current library Shelving location Date acquired Koha item type
      Theses Dissertation RRII Library RRII Library Crop management 31/12/2021 Theses